| 000 | 00926cam a2200145ua 4500 | ||
|---|---|---|---|
| 041 |
_aeng _h |
||
| 082 |
_a698.12 _bIND/CO |
||
| 110 | 1 |
_aIndian standards institution . _bISI _c() |
|
| 245 |
_aCode of practice for painting of ferrous metals in buildings,IS:1477-1921 / _cIndian standards institution. _hTextual Documents |
||
| 260 |
_a : _bBureau of Indian standards , _c1989. |
||
| 300 | _a ; . | ||
| 504 | _a | ||
| 942 | _cBK | ||
| 999 |
_c4288 _d4288 |
||